Statistics for Connacht Senior B Cup Winners

Click here to take the quiz!

General Stats

  • This quiz has been taken 2 times
  • The average score is 10 of 13

Answer Stats

YearWinnersCountyScoreRunners UpCounty% Correct
2010-11Rice CollegeMayo
100%
2012-13St Enda's CollegeGalway10-7Clifden C.SGalway
100%
2009-10St Joseph's CollegeGalwaySummerhill CollegeSligo
100%
2011-12St Joseph's CollegeGalway14-12Clifden C.SGalway
100%
2014-15St Joseph's CollegeGalway7-0Clifden C.SGalway
100%
2022-23St Joseph's CollegeGalway24-7Athlone Community CollegeWestmeath
100%
2016-17St Muredach's CollegeMayo18-12Presentation College HeadfordGalway
100%
2019-20St Muredach's CollegeMayo15-5St Joseph's CollegeGalway
100%
2021-22Colaiste EindeGalway23-20St Paul's OughterardGalway
50%
2017-18Presentation College HeadfordGalway43-32Gortnor Abbey, CrossmolinaMayo
50%
2018-19Scoil Chuimsitheach ChiaráinGalway25-19Gallen C.SOffaly
50%
2013-14HRC MountbellewGalwayScoil Chuimsitheach Chiaráin, An Cheathru RuaGalway
0%
2015-16Scoil Chumsitheach ChiaráinGalway41-19Gortnor Abbey, CrossmolinaMayo
0%

Score Distribution

Percentile by Number Answered

Percent of People with Each Score

Your Score History

You have not taken this quiz